The daughter of time / (Record no. 1319)

MARC details
000 -LEADER
fixed length control field 01112cam a2200301 a 4500
005 - DATE AND TIME OF LATEST TRANSACTION
control field 20260322212055.0
008 - FIXED-LENGTH DATA ELEMENTS--GENERAL INFORMATION
fixed length control field data
010 ## - LIBRARY OF CONGRESS CONTROL NUMBER
LC control number 2002153008
020 ## - INTERNATIONAL STANDARD BOOK NUMBER
International Standard Book Number 076218888X
020 ## - INTERNATIONAL STANDARD BOOK NUMBER
International Standard Book Number 9780762188888
040 ## - CATALOGING SOURCE
Original cataloging agency DLC
Transcribing agency DLC
Modifying agency DLC
050 00 - LIBRARY OF CONGRESS CALL NUMBER
Classification number PR6025.A2547
Item number D38 2003
082 00 - DEWEY DECIMAL CLASSIFICATION NUMBER
Classification number 823/.912
Edition information 21
099 ## - LOCAL FREE-TEXT CALL NUMBER (OCLC)
Classification number TEYJ
001 - CONTROL NUMBER
control field data
100 1# - MAIN ENTRY--PERSONAL NAME
Personal name Tey, Josephine,
Dates associated with a name 1896 or 7-1952.
245 14 - TITLE STATEMENT
Title The daughter of time /
Statement of responsibility, etc. Josephine Tey.
260 ## - PUBLICATION, DISTRIBUTION, ETC.
Place of publication, distribution, etc. Pleasantville, N.Y. :
Name of publisher, distributor, etc. ImPress,
Date of publication, distribution, etc. 1988
300 ## - PHYSICAL DESCRIPTION
Extent 206 p. ;
Dimensions 22 cm.
440 #4 - SERIES STATEMENT/ADDED ENTRY--TITLE
Title The best mysteries of all time
600 00 - SUBJECT ADDED ENTRY--PERSONAL NAME
Personal name Richard
Numeration III,
Titles and other words associated with a name King of England,
Dates associated with a name 1452-1485
Form subdivision Fiction.
650 #0 - SUBJECT ADDED ENTRY--TOPICAL TERM
Topical term or geographic name entry element Grant, Alan (Fictitious character)
Form subdivision Fiction.
650 #0 - SUBJECT ADDED ENTRY--TOPICAL TERM
Topical term or geographic name entry element Police
Geographic subdivision Great Britain
Form subdivision Fiction.
655 #7 - INDEX TERM--GENRE/FORM
Genre/form data or focus term Mystery fiction.
Source of term gsafd
906 ## - LOCAL DATA ELEMENT F, LDF (RLIN)
a 7
b cbc
c orignew
d 1
e ecip
f 20
g y-gencatlg
925 0# -
-- acquire
-- 2 shelf copies
-- policy default
955 ## - COPY-LEVEL INFORMATION (RLIN)
-- lh06 2002-11-01
-- lk53 2002-11-04 to Dewey;
-- le28 2003-05-14
-- le28 2003-05-14 to BCCD
Holdings
Withdrawn status Lost status Damaged status Not for loan Home library Current library Shelving location Date acquired Total checkouts Full call number Barcode Date last seen Price effective from Koha item type
        Franklin Franklin General stacks 22/03/2026   823/.912 21 BC0011362 22/03/2026 22/03/2026 Books